000
00273nam a22001097a 4500
008
170112b xxu||||| |||| 00| 0 eng d
020
_a
9780781750400
041
_a
eng
080
_2
2ND
_a
618.2
245
_a
HEALTH ASSESMENT IN NURSING
_c
WEBER, J & KELLEY, J
942
_2
udc
_c
BK
999
_c
2794
_d
2794